Defence of the West. (Record no. 185077)
[ view plain ]
| 000 -LEADER | |
|---|---|
| fixed length control field | 00682 a2200205 4500 |
| 003 - CONTROL NUMBER IDENTIFIER | |
| control field | Nust |
| 005 - DATE AND TIME OF LATEST TRANSACTION | |
| control field | 20230316124511.0 |
| 010 ## - LIBRARY OF CONGRESS CONTROL NUMBER | |
| LC control number | 79113062 |
| 020 ## - INTERNATIONAL STANDARD BOOK NUMBER | |
| International Standard Book Number | 0837147018 |
| 040 ## - CATALOGING SOURCE | |
| Transcribing agency | Nust |
| 082 00 - DEWEY DECIMAL CLASSIFICATION NUMBER | |
| Classification number | 355.009, HAR |
| 100 2# - MAIN ENTRY--PERSONAL NAME | |
| Personal name | Liddell Hart, Basil Henry, |
| 245 10 - TITLE STATEMENT | |
| Title | Defence of the West. |
| 260 ## - PUBLICATION, DISTRIBUTION, ETC. | |
| Place of publication, distribution, etc. | Westport, Conn., |
| Name of publisher, distributor, etc. | Greenwood Press |
| Date of publication, distribution, etc. | [1970, c1950] |
| 300 ## - PHYSICAL DESCRIPTION | |
| Extent | x, 335 p. |
| Dimensions | 23 cm. |
| 505 ## - FORMATTED CONTENTS NOTE | |
| Formatted contents note | Part 1:- Yesterday (Page-1), Part 2:- Tomorrow (Page-8), Part 3:- To-Day (Page-143), Part 4:- The Time Factor (Page-261), Timeless (Page-333). |
| 650 #0 - SUBJECT ADDED ENTRY--TOPICAL TERM | |
| Topical term or geographic name entry element | Military art and science. |
| 9 (RLIN) | 37914 |
| 651 #0 - SUBJECT ADDED ENTRY--GEOGRAPHIC NAME | |
| Geographic name | Europe |
| General subdivision | Politics and government |
| Chronological subdivision | 1945- |
| 9 (RLIN) | 110428 |
| 942 ## - ADDED ENTRY ELEMENTS (KOHA) | |
| Source of classification or shelving scheme | |
| Koha item type | Book |
| Withdrawn status | Lost status | Source of classification or shelving scheme | Damaged status | Not for loan | Permanent Location | Current Location | Shelving location | Date acquired | Full call number | Barcode | Date last seen | Price effective from | Koha item type | Public note |
|---|---|---|---|---|---|---|---|---|---|---|---|---|---|---|
| Military College of Signals (MCS) | Military College of Signals (MCS) | General Stacks | 12/12/2016 | 355.009,HAR | MCS29335 | 12/08/2016 | 12/12/2016 | Book | Almirah No.51, Shelf No.3 |
